000 00659nam a2200205 ar4500
001 1814
005 20221127090308.0
008 100307s xxka 00110 eng d
020 _a041536681X(pbk) :
_cSR167.00
082 0 4 _a658.4013
_bB335 2008
100 1 _aBaxter, Lynne F.
245 1 0 _aManaging performance improvement /
_cLynne Baxter, A. MacLeod.
260 _aLondon ;
_aNew York :
_bRoutledge,
_c2008.
300 _aviii, 195 p. :
_bill. ;
_c23 cm.
504 _aIncludes bibl. references and index.
650 4 _aTotal quality management.
650 4 _aProduct management.
650 4 _aQuality control.
700 0 _aMacLeod, Alasdair M.,
_ejt. auth.
999 _c1812
_d1812